<?xml version="1.0" encoding="UTF-8"?><?xml-stylesheet type="text/xsl" href="static/style.xsl"?><OAI-PMH xmlns="http://www.openarchives.org/OAI/2.0/" xmlns:xsi="http://www.w3.org/2001/XMLSchema-instance" xsi:schemaLocation="http://www.openarchives.org/OAI/2.0/ http://www.openarchives.org/OAI/2.0/OAI-PMH.xsd"><responseDate>2026-06-30T06:21:32Z</responseDate><request verb="GetRecord" identifier="oai:riubu.ubu.es:10259/7980" metadataPrefix="marc">https://riubu.ubu.es/oai/request</request><GetRecord><record><header><identifier>oai:riubu.ubu.es:10259/7980</identifier><datestamp>2023-11-11T01:07:15Z</datestamp><setSpec>com_10259_6171</setSpec><setSpec>com_10259_5086</setSpec><setSpec>com_10259_2604</setSpec><setSpec>col_10259_6172</setSpec></header><metadata><record xmlns="http://www.loc.gov/MARC21/slim" xmlns:doc="http://www.lyncode.com/xoai" xmlns:xsi="http://www.w3.org/2001/XMLSchema-instance" xmlns:dcterms="http://purl.org/dc/terms/" xsi:schemaLocation="http://www.loc.gov/MARC21/slim http://www.loc.gov/standards/marcxml/schema/MARC21slim.xsd">
<leader>00925njm 22002777a 4500</leader>
<datafield tag="042" ind1=" " ind2=" ">
<subfield code="a">dc</subfield>
</datafield>
<datafield tag="720" ind1=" " ind2=" ">
<subfield code="a">Revilla Cuesta, Víctor</subfield>
<subfield code="e">author</subfield>
</datafield>
<datafield tag="720" ind1=" " ind2=" ">
<subfield code="a">Skaf Revenga, Marta</subfield>
<subfield code="e">author</subfield>
</datafield>
<datafield tag="720" ind1=" " ind2=" ">
<subfield code="a">Espinosa González, Ana Belén</subfield>
<subfield code="e">author</subfield>
</datafield>
<datafield tag="720" ind1=" " ind2=" ">
<subfield code="a">Santamaría, Amaia</subfield>
<subfield code="e">author</subfield>
</datafield>
<datafield tag="720" ind1=" " ind2=" ">
<subfield code="a">Ortega López, Vanesa</subfield>
<subfield code="e">author</subfield>
</datafield>
<datafield tag="260" ind1=" " ind2=" ">
<subfield code="c">2020-12</subfield>
</datafield>
<datafield tag="520" ind1=" " ind2=" ">
<subfield code="a">The compressive strength of recycled concrete is acknowledged to be largely conditioned&#xd;
by the incorporation ratio of Recycled Concrete Aggregate (RCA), although that ratio needs to be&#xd;
carefully assessed to optimize the design of structural applications. In this study, Self-Compacting&#xd;
Concrete (SCC) mixes containing 100% coarse RCA and variable amounts, between 0% and 100%,&#xd;
of fine RCA were manufactured and their compressive strengths were tested in the laboratory for a&#xd;
statistical analysis of their strength variations, which exhibited robustness and normality according&#xd;
to the common statistical procedures. The results of the confidence intervals, the one-factor ANalysis&#xd;
Of VAriance (ANOVA), and the Kruskal–Wallis test showed that an increase in fine RCA content&#xd;
did not necessarily result in a significant decrease in strength, although the addition of fine RCA&#xd;
delayed the development of the final strength. The statistical models presented in this research can&#xd;
be used to define the optimum incorporation ratio that would produce the highest compressive&#xd;
strength. Furthermore, the multiple regression models offered accurate estimations of compressive&#xd;
strength, considering the interaction between the incorporation ratio of fine RCA and the curing age&#xd;
of concrete that the two-factor ANOVA revealed. Lastly, the probability distribution predictions,&#xd;
obtained through a log-likelihood analysis, fitted the results better than the predictions based on&#xd;
current standards, which clearly underestimated the compressive strength of SCC manufactured with&#xd;
fine RCA and require adjustment to take full advantage of these recycled materials. This analysis&#xd;
could be carried out on any type of waste and concrete, which would allow one to evaluate the same&#xd;
aspects as in this research and ensure that the use of recycled concrete maximizes both sustainability&#xd;
and strength.</subfield>
</datafield>
<datafield tag="024" ind2=" " ind1="8">
<subfield code="a">http://hdl.handle.net/10259/7980</subfield>
</datafield>
<datafield tag="024" ind2=" " ind1="8">
<subfield code="a">10.3390/math8122190</subfield>
</datafield>
<datafield tag="024" ind2=" " ind1="8">
<subfield code="a">2227-7390</subfield>
</datafield>
<datafield ind1=" " ind2=" " tag="653">
<subfield code="a">Self-compacting concrete (SCC)</subfield>
</datafield>
<datafield ind1=" " ind2=" " tag="653">
<subfield code="a">Recycled concrete aggregate (RCA)</subfield>
</datafield>
<datafield ind1=" " ind2=" " tag="653">
<subfield code="a">RCA content optimization</subfield>
</datafield>
<datafield ind1=" " ind2=" " tag="653">
<subfield code="a">Robustness</subfield>
</datafield>
<datafield ind1=" " ind2=" " tag="653">
<subfield code="a">Analysis of variance (ANOVA)</subfield>
</datafield>
<datafield ind1=" " ind2=" " tag="653">
<subfield code="a">Compressive strength prediction</subfield>
</datafield>
<datafield ind1=" " ind2=" " tag="653">
<subfield code="a">Characteristic compressive strength</subfield>
</datafield>
<datafield ind1=" " ind2=" " tag="653">
<subfield code="a">Distribution fitting</subfield>
</datafield>
<datafield tag="245" ind1="0" ind2="0">
<subfield code="a">Statistical Approach for the Design of Structural Self-Compacting Concrete with Fine Recycled Concrete Aggregate</subfield>
</datafield>
</record></metadata></record></GetRecord></OAI-PMH>